La evangelización en el mundo contemporáneo : selecciones de la III asamblea general del Sínodo de los Obispos /

Selección de textos que hace la Comisión Nacional de Evangelización y Catequesis, a partir de documentos que se publicaron de las conclusiones de la tercera asamblea general del Sínodo de los Obispos, que tuvo lugar en Roma, Italia en 1974. En dicha asamblea sinodal se trató el tema de la evangeliza...

Descripció completa

Guardat en:
Dades bibliogràfiques
Autor corporatiu: Asamblea general del Sínodo de los Obispos ( Roma, Italia)
Format: Actes de congresos Llibre
Idioma:espanyol
Publicat: México : Comisión Nacional de Evangelización y Catequesis, 1975, c1975
Matèries:
Etiquetes: Afegir etiqueta
Sense etiquetes, Sigues el primer a etiquetar aquest registre!

MARC

LEADER 00000nam^a2200000^a^4500
001 000376635
005 20250619000000.0
009 20260310120329.714
037 |a Acervo ITESO - Biblioteca 
041 |a ESP 
082 |a 269. 2  |b ASA 
111 |a Asamblea general del Sínodo de los Obispos (  |n 3a :  |d 1974 :  |c Roma, Italia) 
245 1 3 |a La evangelización en el mundo contemporáneo :  |b selecciones de la III asamblea general del Sínodo de los Obispos /  |c Tercera asamblea general del Sínodo de los Obispos ; presen. de Manuel Samaniego B. 
264 4 |a México :  |b Comisión Nacional de Evangelización y Catequesis,  |c 1975, c1975 
300 |a 154 p. 
336 |a texto  |b txt  |2 rdacontenido 
337 |a sin mediación  |b n  |2 rdamedio 
338 |a volumen  |b nc  |2 rdasoporte 
520 |a Selección de textos que hace la Comisión Nacional de Evangelización y Catequesis, a partir de documentos que se publicaron de las conclusiones de la tercera asamblea general del Sínodo de los Obispos, que tuvo lugar en Roma, Italia en 1974. En dicha asamblea sinodal se trató el tema de la evangelización como tarea primordial de la Iglesia; el año siguiente el Papa Pablo VI hizo pública la exhortación apostólica postsinodal Evangelii Nuntiandi, sobre la evangelización en el mundo actual. 
649 |a XX 
650 |a Iglesia Católica 
650 |a Obispos 
650 |a Evangelización -  |x Tema Principal 
650 |a Teología Pastoral 
650 |a Catolicismo 
650 |a Cristianismo 
650 |a Religión 
910 |a Fondo General 
920 |a Impresos - Libros 
930 |a Colección General 
905 |a 101 
901 |a 0500270968  |b IT1  |c ACC  |d DT  |i D77287  |u 20250619 
902 |a https://opac.biblio.iteso.mx/vufind/Record/000376635